000 00605nam a2200145Ia 4500
005 20260209120129.0
008 260209s9999||||xx |||||||||||||| ||und||
100 _aNavita Aggarwal
245 0 _aE - banking in India : challenges opportunities
260 _aBangaloreBangalore
_bNLSIU
_c2011
300 _a117 p. ; 25 cm.
650 _aElectronic Banking and Reserve Bank of India Electronic Banking in India Internet Banking - India & International Scenario
700 _aProf. (Dr.) O V Nandimath - GuideProf. (Dr.) O V Nandimath - Guide
856 _uhttps://dans.nls.ac.in/handle/123456789/1897
999 _c216979
_d216979